000 00262nam a2200109Ia 4500
005 20251222143227.0
008 251222s9999||||xx |||||||||||||| ||spa||
082 _a818.5/S59H
100 _a"Slaughter, Frank Gill"
245 0 _aHospital de la sangre
942 _cLIB
999 _c14040
_d14040